| 000 -LEADER |
| fixed length control field |
01672cam a22003614a 4500 |
| 001 - CONTROL NUMBER |
| control field |
14439920 |
| 005 - DATE AND TIME OF LATEST TRANSACTION |
| control field |
20230417132841.0 |
| 008 - FIXED-LENGTH DATA ELEMENTS--GENERAL INFORMATION |
| fixed length control field |
060706s2006 enka b 001 0 eng |
| 010 ## - LIBRARY OF CONGRESS CONTROL NUMBER |
| LC control number |
2006022372 |
| 020 ## - INTERNATIONAL STANDARD BOOK NUMBER |
| International Standard Book Number |
9780521685139 |
| 020 ## - INTERNATIONAL STANDARD BOOK NUMBER |
| International Standard Book Number |
0521685133 |
| 040 ## - CATALOGING SOURCE |
| Original cataloging agency |
DLC |
| Transcribing agency |
DLC |
| Modifying agency |
DLC |
| 050 00 - LIBRARY OF CONGRESS CALL NUMBER |
| Classification number |
K2251 |
| Item number |
.K44 2006 |
| 082 00 - DEWEY DECIMAL CLASSIFICATION NUMBER |
| Classification number |
340.0711 |
| Author Mark |
KEE |
| 100 1# - MAIN ENTRY--PERSONAL NAME |
| Personal name |
Kee, Christopher. |
| 9 (RLIN) |
111949 |
| 245 14 - TITLE STATEMENT |
| Title |
The art of argument / |
| Statement of responsibility, etc. |
Christopher Kee. |
| 260 ## - PUBLICATION, DISTRIBUTION, ETC. |
| Place of publication, distribution, etc. |
Cambridge [UK] ; |
| -- |
New York : |
| Name of publisher, distributor, etc. |
Cambridge University Press, |
| Date of publication, distribution, etc. |
2006. |
| 300 ## - PHYSICAL DESCRIPTION |
| Extent |
xv, 151 p. : |
| Other physical details |
ill. ; |
| Dimensions |
22 cm. |
| 504 ## - BIBLIOGRAPHY, ETC. NOTE |
| Bibliography, etc. note |
Includes bibliographical references (p. 111-125) and index. |
| 505 0# - FORMATTED CONTENTS NOTE |
| Formatted contents note |
What is mooting? -- You've made the team, what next? -- Being part of a team - Building an argument -- Written documents -- Oral submissions -- Practice moots -- The competition itself -- After it's all over. |
| 650 #0 - SUBJECT ADDED ENTRY--TOPICAL TERM |
| Topical term or geographic name entry element |
Trial practice. |
| 9 (RLIN) |
111950 |
| 650 #0 - SUBJECT ADDED ENTRY--TOPICAL TERM |
| Topical term or geographic name entry element |
Moot courts |
| General subdivision |
Study and teaching. |
| 9 (RLIN) |
111951 |
| 650 #0 - SUBJECT ADDED ENTRY--TOPICAL TERM |
| Topical term or geographic name entry element |
Legal briefs. |
| 9 (RLIN) |
111952 |
| 650 #0 - SUBJECT ADDED ENTRY--TOPICAL TERM |
| Topical term or geographic name entry element |
Forensic oratory. |
| 9 (RLIN) |
111953 |
| 650 #0 - SUBJECT ADDED ENTRY--TOPICAL TERM |
| Topical term or geographic name entry element |
Persuasion (Rhetoric) |
| 9 (RLIN) |
11526 |
| 650 #0 - SUBJECT ADDED ENTRY--TOPICAL TERM |
| Topical term or geographic name entry element |
Law |
| General subdivision |
Study and teaching. |
| 9 (RLIN) |
111954 |
| 856 41 - ELECTRONIC LOCATION AND ACCESS |
| Materials specified |
Table of contents only |
| Uniform Resource Identifier |
<a href="http://www.loc.gov/catdir/toc/ecip0617/2006022372.html">http://www.loc.gov/catdir/toc/ecip0617/2006022372.html</a> |
| 856 42 - ELECTRONIC LOCATION AND ACCESS |
| Materials specified |
Publisher description |
| Uniform Resource Identifier |
<a href="http://www.loc.gov/catdir/enhancements/fy0702/2006022372-d.html">http://www.loc.gov/catdir/enhancements/fy0702/2006022372-d.html</a> |
| 856 42 - ELECTRONIC LOCATION AND ACCESS |
| Materials specified |
Contributor biographical information |
| Uniform Resource Identifier |
<a href="http://www.loc.gov/catdir/enhancements/fy0803/2006022372-b.html">http://www.loc.gov/catdir/enhancements/fy0803/2006022372-b.html</a> |
| 906 ## - LOCAL DATA ELEMENT F, LDF (RLIN) |
| a |
7 |
| b |
cbc |
| c |
orignew |
| d |
1 |
| e |
ecip |
| f |
20 |
| g |
y-gencatlg |
| 942 ## - ADDED ENTRY ELEMENTS (KOHA) |
| Source of classification or shelving scheme |
|
| Koha item type |
Book |